[Event "Lukavac op 5th"]
[Site "Lukavac"]
[Date "2016.11.25"]
[Round "2"]
[White "Obad, Andrija"]
[Black "Brcaninovic, Enes"]
[Result "1-0"]
[WhiteElo "2260"]
[BlackElo "1650"]
[PlyCount "35"]
[EventDate "2016.11.24"]
[EventType "swiss"]
[EventRounds "7"]
[EventCountry "BIH"]
[SourceTitle "EXT 2019"]
[Source "ChessBase"]
[SourceDate "2018.10.10"]
[SourceVersion "1"]
[SourceVersionDate "2018.10.10"]
[SourceQuality "1"]

1. e4 e5 2. Nf3 Nc6 3. Bc4 Bc5 4. 0-0 Nf6 5. d4 Bxd4 6. Nxd4 Nxd4 7. f4 Nc6 8. Bxf7+ Ke7 9. fxe5 Nxe5 10. Bb3 d6 11. Bg5 c6 12. Qe1 Rf8 13. Qg3 Kd7 14. Bxf6 gxf6 15. Qh3+ Kc7 16. Qxh7+ Qd7 17. Qh6 Qg4 18. Qxf8 1-0

[Event "BIH-ch"]
[Site "Lukavac"]
[Date "2016.04.03"]
[Round "7"]
[White "Hankic, Ramiz"]
[Black "Brcaninovic, Enes"]
[Result "1/2-1/2"]
[WhiteElo "1602"]
[BlackElo "1671"]
[PlyCount "45"]
[EventDate "2016.03.31"]
[EventType "swiss"]
[EventRounds "7"]
[EventCountry "BIH"]
[SourceTitle "CBM 171 Extra"]
[Source "ChessBase"]
[SourceDate "2016.04.26"]
[SourceVersion "1"]
[SourceVersionDate "2016.04.26"]
[SourceQuality "1"]

1. Nf3 d5 2. d4 Nf6 3. Bf4 Bf5 4. g3 Nc6 5. Bg2 e6 6. c3 h6 7. Nbd2 Bd6 8. Be3 Ne4 9. 0-0 0-0 10. Ne1 Nxd2 11. Qxd2 Na5 12. b3 Qe7 13. Nd3 Bxd3 14. exd3 c5 15. dxc5 Be5 16. b4 Nc6 17. d4 Bf6 18. Bf4 Rfe8 19. Bd6 Qd7 20. f4 Be7 21. Bxe7 Qxe7 22. a4 Qd7 23. a5 1/2-1/2

[Event "BIH-ch"]
[Site "Lukavac"]
[Date "2016.04.02"]
[Round "4"]
[White "Zenelaj, Fisnik"]
[Black "Brcaninovic, Enes"]
[Result "1-0"]
[WhiteElo "1942"]
[BlackElo "1671"]
[PlyCount "53"]
[EventDate "2016.03.31"]
[EventType "swiss"]
[EventRounds "7"]
[EventCountry "BIH"]
[SourceTitle "CBM 171 Extra"]
[Source "ChessBase"]
[SourceDate "2016.04.26"]
[SourceVersion "1"]
[SourceVersionDate "2016.04.26"]
[SourceQuality "1"]

1. e4 e5 2. Nf3 Nc6 3. d4 exd4 4. Bc4 Bc5 5. c3 dxc3 6. Nxc3 Nge7 7. Ng5 Ne5 8. Bxf7+ Nxf7 9. Nxf7 Kxf7 10. Qh5+ Ng6 11. Qxc5 d6 12. Qd5+ Be6 13. Qxb7 Rf8 14. 0-0 Kg8 15. Nd5 Bxd5 16. Qxd5+ Kh8 17. Be3 Qf6 18. Rac1 c5 19. b3 Nf4 20. Bxf4 Qxf4 21. Rc3 Qf6 22. Rf3 Qe7 23. Rxf8+ Rxf8 24. Rd1 Qf6 25. f3 Rd8 26. e5 Qf4 27. Qxc5 1-0